00755nam a2200241Ia 4500003000400000005001700004008004100021020001500062040000700077041000800084082001900092100002700111245006400138260004300202300001500245365001300260650001900273650002200292906002000314942001200334999001900346952014800365OSt20250718104154.0210423s2003 xx 000 0 und d a8122900038 cAL aeng a070.415 bKNIC aRobert M Knight981848 aCraft of clarityb: a journalistic approach to good writing aNew DelhibSurjeeth Publicationsc2003 axi,140bPB b160cINR aEditing981849 aJournalism981850 aclarity ; Craft 2ddccBK c155460d155460 00102ddc40708MAJMCaSACPGbSACPGd2008-07-09eHigginbothams Pvt Ltdg160.00l0o070.415 KNICpPG001932r2022-08-24 00:00:00w2021-04-26yBK